|
|
|
|
| LEADER |
01303nam a2200349 a 4500 |
| 001 |
EBC3320060 |
| 003 |
MiAaPQ |
| 005 |
20200520144314.0 |
| 006 |
m o d | |
| 007 |
cr cn||||||||| |
| 008 |
130816s2011 gw a sbm 000 0 ger d |
| 020 |
|
|
|z 9783862191727
|
| 020 |
|
|
|z 9783862191734 (e-book)
|
| 035 |
|
|
|a (MiAaPQ)EBC3320060
|
| 035 |
|
|
|a (Au-PeEL)EBL3320060
|
| 035 |
|
|
|a (CaPaEBR)ebr10742884
|
| 035 |
|
|
|a (OCoLC)903910442
|
| 040 |
|
|
|a MiAaPQ
|c MiAaPQ
|d MiAaPQ
|
| 050 |
|
4 |
|a RC480.5
|b .S75 2011
|
| 100 |
1 |
|
|a Stippler, Maria.
|
| 245 |
1 |
0 |
|a Konzeptkompetenz von Psychotherapeutinnen und Psychotherapeuten in Ausbildung
|h [electronic resource] /
|c Maria Stippler.
|
| 260 |
|
|
|a Kassel :
|b Kassel University Press,
|c c2011.
|
| 300 |
|
|
|a 314 p. :
|b ill. (some col.)
|
| 502 |
|
|
|a Dissertation (Dr.-Phil.)--Universitat Kassel, 2011.
|
| 504 |
|
|
|a Includes bibliographical references.
|
| 533 |
|
|
|a Electronic reproduction. Ann Arbor, MI : ProQuest, 2015. Available via World Wide Web. Access may be limited to ProQuest affiliated libraries.
|
| 650 |
|
0 |
|a Psychotherapists.
|
| 650 |
|
0 |
|a Expertise.
|
| 650 |
|
0 |
|a Concepts.
|
| 655 |
|
4 |
|a Electronic books.
|
| 710 |
2 |
|
|a ProQuest (Firm)
|
| 856 |
4 |
0 |
|u https://ebookcentral.proquest.com/lib/matrademy/detail.action?docID=3320060
|z Click to View
|